MARC details
| 000 -CABECERA |
| campo de control de longitud fija |
01014nam a2200241 a 4500 |
| 005 - FECHA Y HORA DE LA ÚLTIMA TRANSACCIÓN |
| campo de control |
20231101063642.0 |
| 008 - ELEMENTOS DE LONGITUD FIJA--INFORMACIÓN GENERAL |
| campo de control de longitud fija |
991125s1947 mx 000 0 spa u |
| 035 ## - NÚMERO DE CONTROL DEL SISTEMA |
| Número de control de sistema |
UPN01000052698 |
| 049 ## - COLECCIÓN |
| Colección |
SEP |
| 050 #4 - SIGNATURA TOPOGRÁFICA DE LA BIBLIOTECA DEL CONGRESO |
| Número de clasificación |
AC70 |
| Número de documento/Ítem |
B5a no.151-1 |
| 245 00 - MENCIÓN DE TÍTULO |
| Título |
Salvador Díaz Mirón / |
| Mención de responsabilidad, etc. |
selec. y notas prelim. de Roberto Blanco Moheno. |
| 260 ## - PUBLICACIÓN, DISTRIBUCIÓN, ETC. |
| Lugar de publicación, distribución, etc. |
México : |
| Nombre del editor, distribuidor, etc. |
SEP, |
| Fecha de publicación, distribución, etc. |
1947. |
| 300 ## - DESCRIPCIÓN FÍSICA |
| Extensión |
1 v. (en varias paginaciones) |
| 440 #0 - MENCIÓN DE SERIE/ASIENTO SECUNDARIO--TÍTULO |
| Título |
Biblioteca enciclopédica popular ; |
| Designación de volumen o secuencia |
151-155 |
| 501 ## - NOTA DE "CON" |
| Nota de “Con” |
Encuadernado con: no.152. Cervantes : entremeses / Miguel de Cervantes Saavedra ; pról. notas y selec. de Fernando Wagner -- no.153. Estudios cervantinos / Francisco A. de Icaza ; selec. y pról. de Andrés Henestrosa -- no.154. |
| 600 14 - ASIENTO SECUNDARIO DE MATERIA - NOMBRE PERSONAL |
| Nombre de persona |
CERVANTES SAAVEDRA, MIGUEL DE, |
| Fechas asociadas al nombre |
1547-1616 |
| 600 14 - ASIENTO SECUNDARIO DE MATERIA - NOMBRE PERSONAL |
| Nombre de persona |
QUEVEDO Y VILLEGAS, FRANCISCO DE, |
| Fechas asociadas al nombre |
1580-1645 |
| 650 #4 - ASIENTO SECUNDARIO DE MATERIA - TERMINO TEMATICO |
| Término de materia o nombre geográfico como elemento de entrada |
MUSICA ALEMANA |
| 650 #4 - ASIENTO SECUNDARIO DE MATERIA - TERMINO TEMATICO |
| Término de materia o nombre geográfico como elemento de entrada |
Poesía mexicana |
| 9 (RLIN) |
1273 |
| 650 #4 - ASIENTO SECUNDARIO DE MATERIA - TERMINO TEMATICO |
| Término de materia o nombre geográfico como elemento de entrada |
SATIRA ESPAÑOLA |
| 700 1# - ASIENTO SECUNDARIO--NOMBRE DE PERSONAL |
| Nombre de persona |
Blanco Moheno, Roberto, |
| Fechas asociadas al nombre |
1920-2001 |
| Término indicativo de función/relación |
comp. |
| 9 (RLIN) |
30881 |
| 905 ## - TIPO DE MATERIAL |
| Tipo de material |
Libro |